000 00412nam a2200181Ia 4500
001 1692
005 20260306143747.0
008 260306t2005||||xx |||||||||||||| ||spa||
041 _aESP
082 _a155
_bP25 2005
100 _aPapalia, Diane E.
_eAUT
245 0 _aDesarrollo Humano
260 _c2005
300 _a785 páginas :
_c27 cm.
650 _aGEN
654 _aCPS
942 _cLIB
_dJUS
_fJUS
_2ddc
_n
999 _c1692
_d1692